01418nam a2200337Ia 4500001001200000003000800012006001900020007001500039008004100054020002200095020002500117020001800142020001800160040002100178035002100199050002400220100002600244245010200270260012600372300002400498490004600522504005400568533015200622650003400774650002700808650002600835655002900861710001700890830004700907856012600954ebr10676153CaPaEBRm u cr cn|||||||||110605s2011 sw a sb 000 0 eng d z1907142312 (pbk.) z9781907142314 (pbk.) z9781907142314 z9781907142482 aCaPaEBRcCaPaEBR a(OCoLC)84750999214aHJ8015b.E33 2011eb1 aEichengreen, Barry J.10aPublic debtsh[electronic resource] :bnuts, bolts and worries /cBarry Eichengreen ... [et al.]. aGeneva :bInternational Center for Monetary and Banking Studies ;aLondon :bCentre for Economic Policy Research,cc2011. axxi, 139 p. :bill.1 aGeneva reports on the world economy ;v13 aIncludes bibliographical references (p. 133-139). aElectronic reproduction.bPalo Alto, Calif. :cebrary,d2013.nAvailable via World Wide Web.nAccess may be limited to ebrary affiliated libraries. 0aDebts, PubliczUnited States. 0aDebts, PubliczEurope. 0aDebts, PubliczJapan. 7aElectronic books.2local2 aebrary, Inc. 0aGeneva reports on the world economy ;v13.40uhttp://site.ebrary.com/lib/rucke/Doc?id=10676153zAn electronic book accessible through the World Wide Web; click to view